| 000 | 00405nam a2200145Ia 4500 | ||
|---|---|---|---|
| 008 | 211109s9999||||xx |||||||||||||| ||und|| | ||
| 082 |
_a891.431 _bKUN-K |
||
| 100 | _aKunjanpilla, Elamkulam P N | ||
| 245 | 0 | _aKAVITHANJALI | |
| 260 |
_bNational Book Stall _aKottayam _c1958 |
||
| 300 | _a197p. | ||
| 630 | _xGeneral Stack | ||
| 650 |
_ahindi literature _vhindi poetryhindi poems _xGeneralia |
||
| 942 | _cBOOK | ||
| 999 |
_c19199 _d19199 |
||